Catálogo
 En Linea
Vista normal Vista MARC

Entrada Nombre corporativo

Número de registros utilizados en: 4

001 - NÚMERO DE CONTROL

  • campo de control: 23585

003 - IDENTIFICADOR DEL NÚMERO DE CONTROL

  • campo de control: OSt

005 - FECHA Y HORA DE LA ÚLTIMA TRANSACCIÓN

  • campo de control: 20250219114256.0

008 - DATOS DE LONGITUD FIJA

  • campo de control de longitud fija: 200615|| aca||aabn | a|a d

040 ## - FUENTE DE LA CATALOGACIÓN

  • Centro catalogador/agencia de origen: BNPHU
  • Lengua de catalogación: spa
  • Centro/agencia transcriptor: DO-SdBNP

110 20 - ENCABEZAMIENTO-NOMBRE DE ENTIDAD CORPORATIVA

  • Nombre de entidad corporativa o nombre de jurisdicción como elemento de entrada: Centros APEC de Educación a Distancia (República Dominicana)

410 20 - TRAZADO DE VÉASE--NOMBRE DE ENTIDAD CORPORATIVA

  • Nombre de entidad corporativa o nombre de jurisdicción como elemento de entrada: CENAPEC

410 20 - TRAZADO DE VÉASE--NOMBRE DE ENTIDAD CORPORATIVA

  • Nombre de entidad corporativa o nombre de jurisdicción como elemento de entrada: Centros Acción Pro Educación y Cultura de Educación a Distancia (República Dominicana)

410 20 - TRAZADO DE VÉASE--NOMBRE DE ENTIDAD CORPORATIVA

  • Nombre de entidad corporativa o nombre de jurisdicción como elemento de entrada: Acción Pro-Educación y Cultura.
  • Unidad subordinada: Centros de Educación a Distancia

670 ## - FUENTE DE DATOS ENCONTRADOS

  • Cita de la fuente: Work cat.: (OSt)8745: Nadal, Pablo 22625, Antología breve de la poesía dominicana del siglo XX /, 1986.

670 ## - FUENTE DE DATOS ENCONTRADOS

  • Cita de la fuente: Colección histórica CENAPEC ; 8. Windt Lavandier, C. de. La Marina en la Guerra de ... 1992:

Con tecnología Koha